[Event "It (open)"]
[Site "Enger/Spenge (Germany)"]
[Round "4"]
[White "Markmann Ulrich (GER)"]
[Black "Mueller Gert (GER)"]
[Result "0-1"]
[WhiteElo "2282"]
[BlackElo "2325"]

1.c4 g6 2.Nc3 Bg7 3.g3 d6 4.Bg2 e5 5.d3 Nc6 6.e3 Nf6 7.Nge2 O-O 8.O-O Be6
9.Nd5 Qd7 10.Rb1 Nd8 11.Nxf6+ Bxf6 12.Nc3 c6 13.Qa4 Bh3 14.b4 Bxg2 15.Kxg2 Ne6
16.e4 Bg5 17.f4 exf4 18.gxf4 Bf6 19.Ne2 Nd4 20.Nxd4 Bxd4 21.Bb2 Bxb2 22.Rxb2
f5 23.Qb3 fxe4 24.dxe4 Qg4+ 25.Qg3 Qe6 26.Qd3 Rae8 27.Kg1 Qxe4 28.Qxd6 Qxc4
29.f5 Re4 30.h3 Qc3 31.Rg2 Qxh3 {#R} 0-1

[Event "It \"]
[Site "Amsterdam (Netherlands)"]
[Round "0"]
[White "Andersson Ulf (SWE)"]
[Black "Lein Anatoly (USA)"]
[Result "1-0"]
[WhiteElo "2560"]
[BlackElo "2535"]

1.c4 e5 2.Nc3 Nc6 3.g3 g6 4.Bg2 Bg7 5.d3 d6 6.Rb1 f5 7.e3 Nf6 8.Nge2 O-O 9.O-O
Kh8 10.Bd2 Ne7 11.Qc2 Rb8 12.f4 Bd7 13.Rbe1 a6 14.e4 b5 15.cxb5 axb5 16.Nd5
fxe4 17.dxe4 Nexd5 18.exd5 Bf5 19.Qb3 Nd7 20.fxe5 Nc5 21.Qe3 Bxe5 22.Bc3 Re8
23.Nf4 Qf6 24.g4 Bxc3 25.Qxe8+ Rxe8 26.Rxe8+ Kg7 27.bxc3 Qxc3 28.gxf5 Kf7
29.Re2 gxf5 30.Ne6 Kg6 31.Bh3 Kh6 32.Bxf5 Qc4 33.Re3 Nxe6 34.dxe6 Qd4 35.Rf3
Qa1+ 36.Kg2 Qb2+ 37.Rf2 Qd4 38.Re4 Qg7+ 39.Rg4 Qe7 40.Rf3 {#r} 1-0

[Event "Ch Europe (juniors)"]
[Site "Groningen (Netherlands)"]
[Round "8"]
[White "Franzoni Giancarlo (SUI)"]
[Black "Douven Rudy C (NED)"]
[Result "0-1"]
[WhiteElo "2427"]
[BlackElo "2389"]

1.c4 g6 2.Nc3 Bg7 3.g3 e5 4.Bg2 d6 5.d3 Nc6 6.e3 Nf6 7.Nge2 O-O 8.O-O Bg4 9.h3
Be6 10.Nd5 Qd7 11.Kh2 Nh5 12.Rb1 Rae8 13.Qa4 f5 14.b4 g5 15.b5 Nd8 16.f4 gxf4
17.exf4 c6 18.bxc6 bxc6 19.Nb4 e4 20.Qc2 a5 21.Na6 exd3 22.Qxd3 Qf7 {#R} 0-1

[Event "It (open)"]
[Site "Lone Pine (USA)"]
[Round "0"]
[White "Blocker Calvin (USA)"]
[Black "Whitehead Paul A (USA)"]
[Result "0-1"]
[WhiteElo "2495"]
[BlackElo "2350"]

1.c4 g6 2.Nc3 Bg7 3.g3 d6 4.Bg2 e5 5.d3 Nc6 6.Nf3 f5 7.O-O Nf6 8.Rb1 a5 9.a3
O-O 10.b4 axb4 11.axb4 h6 12.Ne1 Ne7 13.Qb3 Kh8 14.b5 g5 15.e3 f4 16.Ne2 fxg3
17.fxg3 Qe8 18.Nc3 Qh5 19.e4 Bh3 20.Qc2 Ng4 21.Nf3 Rxf3 22.Bxf3 Bxf1 23.Bxg4
Qxg4 24.Kxf1 Qf3+ 25.Kg1 Rf8 26.Qe2 g4 27.Rb3 Qf7 28.Ra3 Ng6 29.Nd1 h5 30.Bd2
Qe7 31.Ra7 Nf4 32.gxf4 exf4 33.Bc3 Bxc3 34.Nxc3 Qe5 35.Ra3 Qc5+ {#R} 0-1

[Event "Ch Italy"]
[Site "Venice (Italy)"]
[Round "14"]
[White "Capece Adolivio (ITA)"]
[Black "Messa Roberto (ITA)"]
[Result "0-1"]
[WhiteElo "2043"]
[BlackElo "2305"]

1.c4 g6 2.Nc3 Bg7 3.g3 e5 4.Bg2 Nc6 5.d3 d6 6.h4 Nf6 7.Bg5 h6 8.Bd2 Nd4 9.e3
Ne6 10.Nge2 c6 11.e4 a5 12.Qc2 O-O 13.Rd1 Re8 14.f3 d5 15.g4 d4 16.Nb1 b5
17.b3 b4 18.Kf2 Nd7 19.Rdg1 Ndc5 20.Bf1 Re7 21.Ke1 Rea7 22.g5 h5 23.Ng3 a4
24.Bxb4 axb3 25.axb3 Ra2 26.Qd1 Qb6 27.Bd2 Nxb3 28.Ne2 Rb2 29.Kf2 Ra1 30.Bg2
Nxd2 31.Qxd2 Rxd2 32.Nxd2 Rxg1 33.Rxg1 Nc5 34.Rb1 Nxd3+ 35.Kg3 {#R} 0-1

[Event "It (open) \"]
[Site "London (England)"]
[Round "0"]
[White "Cox John J (ENG)"]
[Black "Sax Gyula (HUN)"]
[Result "0-1"]
[WhiteElo "2423"]
[BlackElo "2570"]

1.c4 e5 2.Nc3 Nc6 3.g3 g6 4.Bg2 Bg7 5.d3 d6 6.e3 Nge7 7.Rb1 O-O 8.b4 a6 9.a4
a5 10.b5 Nb4 11.Ba3 c5 12.bxc6 bxc6 13.Bxb4 axb4 14.Rxb4 Qa5 15.Rb3 e4 16.Ne2
exd3 17.Qxd3 Ba6 18.Qd2 Bxc4 19.Rb7 Rab8 20.Rxe7 Bxe2 21.Kxe2 Bxc3 22.Qxd6
Rb2+ 23.Kf3 Qh5+ 24.g4 Qh4 25.Rf1 Be1 {#R} 0-1

[Event "Ch Austria (team) (play-off)"]
[Site "Austria"]
[Round "0"]
[White "Thierjung Helmut (AUT)"]
[Black "Janetschek Karl (AUT)"]
[Result "0-1"]
[WhiteElo "2013"]
[BlackElo "2259"]

1.c4 e5 2.Nc3 Nc6 3.g3 g6 4.Bg2 Bg7 5.d3 d6 6.Rb1 a5 7.a3 Be6 8.Nf3 h6 9.O-O
Nge7 10.b4 axb4 11.axb4 Qd7 12.c5 Nd5 13.Nxd5 Bxd5 14.e4 Be6 15.Be3 O-O 16.d4
exd4 17.Nxd4 Bc4 18.Re1 dxc5 19.Nxc6 Qxc6 20.Qc2 cxb4 21.Rxb4 Bb5 22.Qxc6 Bxc6
23.e5 Bxe5 24.Bxc6 Bc3 25.Bxb7 Bxe1 {#R} 0-1

[Event "It"]
[Site "Esbjerg (Denmark)"]
[Round "0"]
[White "Csom Istvan (HUN)"]
[Black "Keene Raymond D (ENG)"]
[Result "1-0"]
[WhiteElo "2500"]
[BlackElo "2475"]

1.g3 e5 2.c4 Nc6 3.Bg2 g6 4.Nc3 Bg7 5.d3 d6 6.e3 Nge7 7.Nge2 Be6 8.Nd5 O-O
9.O-O Qd7 10.Rb1 Nc8 11.b3 f5 12.Bb2 Nd8 13.d4 e4 14.Ndc3 Bf7 15.d5 Nb6 16.f3
exf3 17.Bxf3 Qe7 18.e4 Nd7 19.exf5 gxf5 20.Nb5 Ne5 21.Nf4 Be8 22.Nd4 Bd7
23.Bg2 c5 24.dxc6 bxc6 25.Qc2 Qf7 26.Rbe1 Nb7 27.Nxc6 Bxc6 28.Bxe5 Bxg2
29.Bxg7 Bxf1 30.Bxf8 Rxf8 31.Rxf1 Nc5 32.Nd5 Qg7 33.Rxf5 Qa1+ 34.Kg2 Rxf5
35.Ne7+ Kf8 36.Nxf5 Qe5 37.Nh4 Kg7 38.Nf3 {#r} 1-0

[Event "It (b)"]
[Site "Esbjerg (Denmark)"]
[Round "11"]
[White "Kristensen Bjarke (DEN)"]
[Black "Brinck-Claussen Bjorn (DEN)"]
[Result "1-0"]
[WhiteElo "2345"]
[BlackElo "2375"]

1.c4 e5 2.Nc3 Nc6 3.g3 g6 4.Bg2 Bg7 5.d3 d6 6.Rb1 a5 7.e3 Nge7 8.Nge2 h5 9.h4
Bg4 10.a3 Qd7 11.b4 axb4 12.axb4 O-O 13.Qb3 Bf5 14.Nd5 Nd8 15.Nec3 Nc8 16.Ne4
f6 17.O-O c6 18.Ndc3 Bh3 19.b5 Rf7 20.Bb2 Bxg2 21.Kxg2 Ne6 22.bxc6 bxc6 23.Ra1
Rxa1 24.Rxa1 f5 25.Ng5 Nxg5 26.hxg5 h4 27.Ra8 hxg3 28.f4 exf4 29.exf4 d5
30.cxd5 cxd5 31.Qxd5 Qxd5+ 32.Nxd5 Bxb2 33.Rxc8+ Kg7 34.Kxg3 Bd4 35.Rc4 Bb2
36.Kf3 Rb7 37.Ke3 Kf7 38.d4 Rd7 39.Nf6 Re7+ 40.Kd3 Ra7 {#r} 1-0

[Event "Ch Moscow"]
[Site "Moscow (Russia)"]
[Round "0"]
[White "Gulko Boris F (USA)"]
[Black "Jussupow Artur (GER)"]
[Result "1-0"]
[WhiteElo "2565"]
[BlackElo "2585"]

1.c4 e5 2.Nc3 Nc6 3.g3 g6 4.Bg2 Bg7 5.d3 d6 6.e4 f5 7.Nge2 Nf6 8.O-O O-O 9.Nd5
Be6 10.h3 Qd7 11.Kh2 f4 12.gxf4 Nh5 13.f5 gxf5 14.exf5 Bxf5 15.Ng3 Nxg3
16.fxg3 Nd4 17.Bg5 Rae8 18.g4 Bg6 19.Nf6+ Bxf6 20.Bxf6 c6 21.Qd2 Ne6 22.Be4
Nf4 23.Bg5 d5 24.cxd5 cxd5 25.Bxg6 hxg6 26.Rae1 d4 27.Bh6 Rf7 28.Rf3 Kh7
29.Bg5 Nd5 30.Ref1 Ref8 31.Qe2 Qc7 32.Rxf7+ Rxf7 33.Rxf7+ Qxf7 34.Kg3 Qc7
35.Qe4 Nb4 36.Bf6 Nxd3 37.g5 Nxb2 38.Qh4+ {#r} 1-0

[Event "Match \"]
[Site "Zinnowitz (Germany)"]
[Round "0"]
[White "Bany Jerzy (POL)"]
[Black "Gazik Igor (SVK)"]
[Result "1-0"]
[WhiteElo "2420"]
[BlackElo "2328"]

1.c4 e5 2.Nc3 Nc6 3.g3 g6 4.Bg2 Bg7 5.d3 d6 6.Rb1 Nf6 7.b4 O-O 8.b5 Ne7 9.Nf3
d5 10.cxd5 Nexd5 11.Nxd5 Qxd5 12.O-O Qxa2 13.Bb2 Nd5 14.e4 Nb4 15.Bxe5 c5
16.bxc6 Nxc6 17.Bxg7 Kxg7 18.d4 a5 19.d5 Nb4 20.Qd4+ Kg8 21.Ne5 b5 22.Rfc1 f6
23.Nc6 Nxc6 24.dxc6 b4 25.e5 Be6 26.exf6 Rad8 27.Qe5 Rd2 28.Ra1 Qb3 29.c7 Bc8
30.Bf1 Rc2 31.Rxc2 Qxc2 32.Rxa5 b3 33.Rc5 Qd1 34.Rd5 Qb1 35.Rd8 {#r} 1-0

[Event "It (open)"]
[Site "Caorle (Italy)"]
[Round "6"]
[White "Bruno Fabio (ITA)"]
[Black "Wagman Stuart (USA)"]
[Result "1-0"]
[WhiteElo "2431"]
[BlackElo "2125"]

1.c4 e5 2.Nc3 Nc6 3.g3 d6 4.Bg2 g6 5.d3 Bg7 6.e3 f5 7.Nge2 Nf6 8.O-O O-O 9.Rb1
a5 10.a3 Be6 11.Nd5 Qd7 12.b4 axb4 13.axb4 Bf7 14.b5 Nd8 15.Nec3 Rb8 16.Bd2
Ne6 17.f4 Nc5 18.Qc2 Rfe8 19.Ra1 Nxd5 20.Nxd5 c6 21.bxc6 bxc6 22.Nb4 e4 23.d4
Ne6 24.Na6 Rb7 25.c5 dxc5 26.Nxc5 Nxc5 27.Qxc5 Reb8 28.Bc1 Bf8 29.Qc2 Bb3
30.Qc3 c5 31.Bb2 cxd4 32.Qxd4 Qxd4 33.Bxd4 Bc4 34.Rfd1 Bd3 35.Rxd3 exd3
36.Bd5+ {#r} 1-0

[Event "Tournament"]
[Site "Chicago (USA)"]
[Round "1"]
[White "Kornfeld Andreas"]
[Black "Martinovsky Eugene (USA)"]
[Result "0-1"]
[WhiteElo "2200"]
[BlackElo "2299"]

1.c4 e5 2.g3 Nc6 3.Bg2 g6 4.Nc3 Bg7 5.d3 d6 6.Nf3 f5 7.O-O Nf6 8.Rb1 O-O 9.b4
a6 10.a4 h6 11.b5 axb5 12.axb5 Ne7 13.Qb3 Be6 14.Ba3 g5 15.Nd2 Rb8 16.Nd5 f4
17.b6 c6 18.Nxf6+ Bxf6 19.Ne4 Nc8 20.Qb4 Be7 21.Qc3 Qd7 22.c5 d5 23.Qxe5 dxe4
24.Qxb8 f3 25.dxe4 fxg2 26.Rfd1 Qe8 27.Qxb7 Qf7 28.f3 Bxc5+ 29.Bxc5 Qxb7
30.Ra1 Re8 31.Rdb1 Bc4 32.Rb4 Bb5 {#R} 0-1

[Event "Bundesliga 1983/84"]
[Site "Germany"]
[Round "0"]
[White "Gruenberg Rainer (GER)"]
[Black "Mueller Heinz (GER)"]
[Result "1-0"]
[WhiteElo "2334"]
[BlackElo "2194"]

1.c4 e5 2.d3 d6 3.g3 g6 4.Bg2 Bg7 5.Nc3 Nc6 6.Rb1 a5 7.a3 f5 8.e4 Nf6 9.Nge2
O-O 10.O-O Be6 11.Nd5 Qd7 12.b4 axb4 13.axb4 fxe4 14.dxe4 Bh3 15.Qd3 Bxg2
16.Kxg2 Rf7 17.Nxf6+ Bxf6 18.Be3 Ra2 19.b5 Nd8 20.Nc3 Ra3 21.Ra1 Rxa1 22.Rxa1
h5 23.Rd1 h4 24.b6 hxg3 25.bxc7 Qxc7 26.hxg3 Qc8 27.Nb5 Rh7 28.Rh1 Rxh1
29.Kxh1 Nf7 30.Nxd6 Qd7 31.c5 Be7 32.Qb5 Qh3+ 33.Kg1 Nxd6 34.cxd6 Bf6 35.Qe8+
Kg7 36.d7 Qg4 37.d8=Q Bxd8 38.Qxd8 Qxe4 39.Qe7+ Kg8 40.Bh6 {#r} 1-0

[Event "Ch Europe (juniors) (under 20)"]
[Site "Groningen (Netherlands)"]
[Round "8"]
[White "Peelen Piet (NED)"]
[Black "Adler Joel (SUI)"]
[Result "1-0"]
[WhiteElo "2354"]
[BlackElo "2266"]

1.c4 g6 2.g3 Bg7 3.Bg2 d6 4.Nc3 e5 5.d3 Nc6 6.Rb1 a5 7.a3 Nf6 8.b4 axb4 9.axb4
O-O 10.Nf3 Re8 11.Bg5 h6 12.Bxf6 Bxf6 13.Nd5 Bg7 14.b5 Nd4 15.b6 cxb6 16.Nxb6
Ra2 17.Nxd4 exd4 18.Nxc8 Qxc8 19.Rxb7 Kh7 20.O-O Rexe2 21.Rxf7 Qe8 22.Bd5 Rad2
23.Qb3 Re7 24.Rxe7 Qxe7 25.Be4 h5 26.Qb6 Qf6 27.Qa5 Bh6 28.Qxh5 Kg7 29.Qg4 Qf7
30.Kh1 Be3 31.Rb1 {#r} 1-0

[Event "Ch Slovakia"]
[Site "Nova Bana (Slovakia)"]
[Round "13"]
[White "Petrik Karol (SVK)"]
[Black "Janco Jozef"]
[Result "1-0"]
[WhiteElo "2082"]
[BlackElo "2200"]

1.d3 g6 2.g3 Bg7 3.Bg2 d6 4.c4 Nc6 5.Nc3 e5 6.Bd2 Nge7 7.Rb1 a5 8.a3 Be6 9.Nd5
Qd7 10.e3 Nc8 11.Ne2 Nd8 12.h4 c6 13.Ndc3 h5 14.Ne4 Ra6 15.Qc2 f5 16.Ng5 O-O
17.Nc3 Ne7 18.f4 d5 19.Nxe6 Nxe6 20.cxd5 cxd5 21.O-O Kh7 22.Qa4 Qxa4 23.Nxa4
b5 24.Nc3 Nc7 25.Rfc1 d4 26.Ne2 Ne6 27.exd4 exf4 28.d5 Nd4 29.Nxd4 Bxd4+
30.Kf1 fxg3 31.Rc7 Rf7 32.Re1 Bf6 33.Bg5 Kg7 34.Re6 Rxe6 35.dxe6 Rf8 36.Bb7
Rb8 37.d4 Kf8 38.Bxf6 {#r} 1-0

[Event "Ch Poland"]
[Site "Piotrkow Trybunalski (Poland)"]
[Round "7"]
[White "Staniszewski Piotr (POL)"]
[Black "Bernard Ryszard (POL)"]
[Result "1-0"]
[WhiteElo "2423"]
[BlackElo "2330"]

1.c4 e5 2.Nc3 Nc6 3.g3 g6 4.Bg2 Bg7 5.d3 d6 6.Rb1 f5 7.e3 Nf6 8.Nge2 O-O 9.O-O
Be6 10.b4 Rb8 11.b5 Ne7 12.a4 Qd7 13.Ba3 Rfd8 14.Qb3 d5 15.Bxe7 Qxe7 16.Nxd5
Qf7 17.Nxf6+ Bxf6 18.Rbc1 Kh8 19.f4 Qg7 20.fxe5 Bxe5 21.d4 Bf6 22.Nf4 Re8
23.Kh1 Bd7 24.c5 c6 25.Rb1 Rbd8 26.a5 a6 27.bxa6 bxa6 28.Rfe1 Qh6 29.Qc4 g5
30.Nd3 f4 31.exf4 gxf4 32.Nxf4 Bf5 33.Rxe8+ Rxe8 34.Rf1 Bg5 35.Qxa6 Bxf4
36.Rxf4 Bh3 37.Bxh3 Qxh3 38.Qf1 Qh6 39.a6 Qe6 40.Rf8+ Kg7 {#r} 1-0

[Event "It \"]
[Site "Rome (Italy)"]
[Round "0"]
[White "Benko Pal C (USA)"]
[Black "Messa Roberto (ITA)"]
[Result "1-0"]
[WhiteElo "2470"]
[BlackElo "2275"]

1.c4 g6 2.g3 Bg7 3.Bg2 e5 4.Nc3 d6 5.d3 Nc6 6.Rb1 f5 7.e3 Nf6 8.Nge2 O-O 9.O-O
Be6 10.Nd5 Rb8 11.Nec3 Ne7 12.Qa4 c6 13.Nxf6+ Bxf6 14.Bd2 d5 15.cxd5 Nxd5
16.Rfd1 Nb6 17.Qc2 Qe7 18.b4 Rbc8 19.a3 g5 20.Ne2 Rfd8 21.Bc3 Nd5 22.Ba1 f4
23.e4 g4 24.d4 f3 25.dxe5 Bg5 26.exd5 cxd5 27.Qd3 fxe2 28.Qxe2 Rc4 29.Bd4 b6
30.Be3 d4 31.Bxg5 Qxg5 32.Be4 Rc3 33.a4 Bc4 34.Qe1 Ra3 35.Rbc1 Bb3 36.Rd3 Kh8
37.e6 Qe3 38.Bc6 Qxe1+ 39.Rxe1 Bxa4 40.e7 {#r} 1-0

[Event "It (active)"]
[Site "Roosendaal (Netherlands)"]
[Round "10"]
[White "Tolhuizen Ludo (NED)"]
[Black "Boey Josef (BEL)"]
[Result "0-1"]
[WhiteElo "2180"]
[BlackElo "2280"]

1.c4 Nc6 2.Nc3 e5 3.g3 g6 4.Bg2 Bg7 5.d3 d6 6.e4 Nge7 7.Nge2 O-O 8.O-O Nd4
9.Nxd4 exd4 10.Ne2 f5 11.b3 fxe4 12.Bxe4 Bh3 13.Re1 d5 14.Bh1 dxc4 15.bxc4 Qd7
16.Bxb7 Rab8 17.Bh1 h6 18.Ba3 Rf7 19.Bxe7 Rxe7 20.Nf4 Bf5 21.Rxe7 Qxe7 22.Bd5+
Kh7 23.Qd2 Qa3 24.Rc1 Rb2 25.Rc2 Rb1+ 26.Kg2 g5 27.Be6 Qf8 28.Bxf5+ Qxf5
29.Ne2 g4 30.Nf4 Be5 31.Rc1 Bxf4 32.gxf4 Rxc1 33.Qxc1 Qxd3 34.Qe1 {#R} 0-1

[Event "It \"]
[Site "Amsterdam (Netherlands)"]
[Round "8"]
[White "Ree Hans (NED)"]
[Black "Nikolic Predrag (BIH)"]
[Result "0-1"]
[WhiteElo "2465"]
[BlackElo "2585"]

1.c4 e5 2.Nc3 Nc6 3.g3 g6 4.Bg2 Bg7 5.d3 d6 6.Nf3 f5 7.Rb1 a5 8.O-O Nf6 9.a3
O-O 10.b4 axb4 11.axb4 Nh5 12.Nd5 f4 13.Bb2 Bg4 14.Ra1 Rb8 15.Qb3 Nd4 16.Bxd4
exd4 17.b5 Kh8 18.Ra7 fxg3 19.hxg3 c6 20.Nb4 Qe8 21.bxc6 bxc6 22.Qa3 c5 23.Na6
Rb6 24.Qa2 Bh6 25.Nc7 Qb8 26.Nb5 d5 27.Nh2 Bc8 28.Ra8 Qe5 29.Bxd5 Nxg3 30.fxg3
Qxg3+ 31.Bg2 Be3+ 32.Kh1 Rxf1+ 33.Nxf1 Qh4+ 34.Nh2 Bf4 35.Rxc8+ Kg7 36.Qa7+
Kh6 37.Kg1 Qxh2+ 38.Kf1 Be3 39.Ke1 Qg1+ {#R} 0-1

[Event "Ch Bayern"]
[Site "Bayern (Germany)"]
[Round "0"]
[White "Blodig Reinhard (GER)"]
[Black "Seyb Dieter (GER)"]
[Result "1-0"]
[WhiteElo "2118"]
[BlackElo "2252"]

1.g3 e5 2.Bg2 Nc6 3.d3 g6 4.c4 Bg7 5.Nc3 d6 6.Rb1 a5 7.e3 h5 8.a3 h4 9.g4 f5
10.f3 Be6 11.Nge2 Bh6 12.e4 Bxc1 13.Qxc1 f4 14.Nd5 Nf6 15.O-O O-O 16.Rd1 Bxd5
17.cxd5 Nd4 18.Nxd4 exd4 19.h3 Nd7 20.Qc4 Qf6 21.Qxc7 Nc5 22.Qb6 a4 23.Rbc1
Rfc8 24.Rc4 Rab8 25.Rdc1 Kg7 26.Bf1 Nd7 27.Rc7 Kh6 28.Qb5 Rxc7 29.Rxc7 Nc5
30.Be2 Qd8 31.Rxc5 dxc5 32.Qxc5 Rc8 33.Qxd4 Rc1+ 34.Kf2 Qa5 35.Qh8+ {#r} 1-0

[Event "Ch Israel"]
[Site "Israel"]
[Round "0"]
[White "Gutman Lev (GER)"]
[Black "Shvidler Eliahu (ISR)"]
[Result "1-0"]
[WhiteElo "2485"]
[BlackElo "2445"]

1.g3 e5 2.Bg2 Nc6 3.c4 g6 4.Nc3 Bg7 5.d3 d6 6.Bd2 h5 7.Nf3 Nd4 8.Nxd4 exd4
9.Ne4 h4 10.Qb3 h3 11.Bf3 f5 12.Bg5 Qd7 13.Nd2 c6 14.c5 dxc5 15.Qc2 Nh6
16.Bxh6 Rxh6 17.Qxc5 Qe7 18.Bxc6+ bxc6 19.Qxc6+ Kf7 20.Qd5+ Kf6 21.Rc1 Rb8
22.Rc6+ Be6 23.Nf3 g5 24.Qe5+ Kf7 25.Qxb8 Rh8 26.Qc7 Bf6 27.O-O Bd7 28.Rd6 Rd8
29.Nxd4 Be5 30.Qc4+ Kg7 31.Re6 {#r} 1-0

[Event "Olympiad"]
[Site "Salonika (Greece)"]
[Round "3"]
[White "Haahr Merete"]
[Black "Garwell Jane (WLS)"]
[Result "0-1"]
[WhiteElo "1965"]
[BlackElo "2100"]

1.g3 e5 2.c4 d6 3.Bg2 Nc6 4.Nc3 g6 5.d3 Bg7 6.Bd2 a5 7.f4 exf4 8.Bxf4 Nge7
9.Nf3 h6 10.O-O Nf5 11.e4 Nfd4 12.Nxd4 Nxd4 13.Qd2 Bg4 14.h3 Be6 15.Ne2 Nxe2+
16.Qxe2 Be5 17.Rad1 g5 18.Bxe5 dxe5 19.Qf2 Qe7 20.Kh2 Rd8 21.Qc2 b6 22.Qa4+
Qd7 23.Qb3 Kf8 24.Qc3 Qd4 25.Bf3 Kg7 26.Bh5 Rd6 27.Rf3 Rhd8 28.Qc2 R8d7 29.a3
Qc5 30.Rdf1 Rd4 31.Qe2 Bxc4 32.Qf2 Rxd3 33.Rxf7+ Rxf7 34.Bxf7 Qxf2+ 35.Rxf2
Bxf7 {#R} 0-1

[Event "Ch France"]
[Site "France"]
[Round "0"]
[White "Andruet Gilles (FRA)"]
[Black "Lamorelle Yves (FRA)"]
[Result "1-0"]
[WhiteElo "2390"]
[BlackElo "2213"]

1.c4 g6 2.Nc3 Bg7 3.g3 d6 4.Bg2 e5 5.d3 Nc6 6.e3 f5 7.Nge2 Nf6 8.b3 O-O 9.O-O
g5 10.f4 gxf4 11.exf4 Nd4 12.Bb2 c6 13.Qd2 Rb8 14.Rae1 Bd7 15.h3 a6 16.fxe5
dxe5 17.Nxd4 exd4 18.Ne2 c5 19.Nf4 Bh6 20.Qf2 b5 21.Ne6 Ne4 22.Nxd8 Nxf2
23.Bd5+ Kh8 24.Kxf2 Rfxd8 25.Be6 bxc4 26.Bxc4 a5 27.Re5 Rbc8 28.Rfe1 Bg5
29.Rxc5 Bf6 30.Rxa5 f4 31.Ra6 Bc6 32.Re6 fxg3+ 33.Kxg3 Rg8+ 34.Kf4 Bg5+ 35.Ke5
Bb7 36.Bxd4 Rgd8 37.Rad6 Rf8 38.Re7 Bxe7 39.Ke6+ Rf6+ 40.Kxe7 {#r} 1-0

[Event "It"]
[Site "Brussels (Belgium)"]
[Round "0"]
[White "Gutman Lev (GER)"]
[Black "Boey Josef (BEL)"]
[Result "1-0"]
[WhiteElo "2460"]
[BlackElo "2390"]

1.c4 Nc6 2.Nc3 e5 3.g3 g6 4.Bg2 Bg7 5.d3 d6 6.Bd2 Nf6 7.Nd5 O-O 8.Rc1 Re8 9.b4
Be6 10.e3 Qd7 11.Ne2 Bh3 12.O-O Bxg2 13.Kxg2 Nh5 14.f3 Nd8 15.g4 Nf6 16.Ng3 c6
17.Nc3 Ne6 18.h4 h6 19.Nce4 d5 20.Nxf6+ Bxf6 21.h5 Bh4 22.cxd5 cxd5 23.hxg6
fxg6 24.Rh1 Bg5 25.Qb3 Rac8 26.Rhf1 Kh7 27.Qb2 d4 28.Ne4 dxe3 29.Bxe3 Rf8
30.Bxg5 hxg5 31.Rh1+ Kg8 32.Qxe5 Nf4+ 33.Kg3 Ne2+ 34.Kf2 Rxf3+ 35.Kxf3 Qxd3+
36.Kf2 Rf8+ 37.Nf6+ Rxf6+ {#r} 1-0

[Event "It (open) \"]
[Site "Cologne (Germany)"]
[Round "0"]
[White "Grimm Sascha (GER)"]
[Black "Preker Hans Juergen (GER)"]
[Result "0-1"]
[WhiteElo "2358"]
[BlackElo "2225"]

1.c4 e5 2.Nc3 Nc6 3.g3 g6 4.Bg2 Bg7 5.d3 d6 6.e3 f5 7.Nge2 Nh6 8.Rb1 O-O 9.O-O
Kh8 10.b4 g5 11.Nd5 Ne7 12.b5 Ng6 13.Qa4 Bd7 14.f4 a6 15.Qb4 gxf4 16.exf4 axb5
17.cxb5 Rxa2 18.Nec3 c5 19.bxc6 Rxg2+ 20.Kxg2 Bxc6 21.Kg1 Ng4 22.h3 Nf6 23.Qc4
Nh5 24.Kh2 Re8 25.d4 exd4 26.Nd1 Nxg3 27.Kxg3 Qh4+ 28.Kh2 Ne5 29.fxe5 Bxd5
30.Rf4 Bxe5 31.Qxd4 Qe1 32.Bd2 Qh1+ 33.Kg3 Qg2+ 34.Kh4 Bxd4 35.Rxd4 Re4+ {#R}
0-1

[Event "It (open)"]
[Site "Elenite (Bulgaria)"]
[Round "0"]
[White "Spiridonov Nikola (BUL)"]
[Black "Toshkov Tihomir (BUL)"]
[Result "1-0"]
[WhiteElo "2239"]
[BlackElo "2455"]

1.c4 e5 2.Nc3 d6 3.g3 g6 4.Bg2 Bg7 5.d3 Nc6 6.Rb1 f5 7.e3 Nh6 8.Nge2 O-O 9.O-O
Kh8 10.f4 Be6 11.b4 a6 12.a4 Rb8 13.b5 axb5 14.axb5 Ne7 15.Qb3 Bg8 16.h3 Nf7
17.d4 g5 18.Bb2 gxf4 19.gxf4 Ng6 20.Rbd1 Qe8 21.b6 exd4 22.bxc7 Qxe3+ 23.Kh1
Rbc8 24.Nxd4 Nh4 25.Qxb7 Nh6 26.Nf3 Nxg2 27.Kxg2 Qxf4 28.Rd4 Bxd4 29.Ne2 Bd5
30.Qxd5 Rg8+ 31.Kh1 Qxf3+ 32.Rxf3 Bxb2 33.Qxd6 Nf7 34.Qb6 Bg7 35.Rxf5 Ne5
36.c5 Ng6 37.Rf7 Rge8 38.Qb7 Ne5 39.Re7 Rf8 40.Qg2 Nd3 {#r} 1-0

[Event "corr."]
[Site "Germany"]
[Round "0"]
[White "Wunsch Reiner (GER)"]
[Black "Emrich Ernst (GER)"]
[Result "1-0"]
[WhiteElo "2290"]
[BlackElo "1760"]

1.c4 e5 2.Nc3 Nc6 3.g3 g6 4.Bg2 Bg7 5.d3 d6 6.Bd2 f5 7.Nf3 Nf6 8.Rb1 a5 9.a3
O-O 10.b4 axb4 11.axb4 Qe8 12.O-O Bd7 13.Qc1 Nd4 14.Re1 c6 15.Nxd4 exd4 16.Nd1
Qc8 17.Bh6 Re8 18.Bxg7 Kxg7 19.Qf4 Ra2 20.Nb2 Qa8 21.Qxd4 Qa3 22.c5 d5 23.e4
fxe4 24.dxe4 Kf7 25.e5 Bf5 26.Re3 {#r} 1-0

[Event "Tournament"]
[Site "Herrenberg (Germany)"]
[Round "1"]
[White "Birke Matthias Dr (GER)"]
[Black "Poethig Hans (GER)"]
[Result "1-0"]
[WhiteElo "2280"]
[BlackElo "2112"]

1.c4 e5 2.Nc3 Nc6 3.g3 d6 4.Bg2 g6 5.d3 Bg7 6.Rb1 Nge7 7.b4 O-O 8.e3 Be6 9.b5
Na5 10.Qa4 c6 11.Bd2 d5 12.bxc6 Naxc6 13.Rxb7 Rc8 14.cxd5 Nxd5 15.Nge2 Nxc3
16.Nxc3 Qxd3 17.Bxc6 Rfd8 18.Rb2 Bc4 19.Bf3 Qf5 20.Qd1 Qe6 21.e4 Bh6 22.Nd5
Bxd5 23.exd5 Rxd5 24.Bxd5 Qxd5 25.O-O Rd8 26.Bxh6 Qxd1 27.Rxd1 Rxd1+ 28.Kg2
Rd8 29.Rb7 Ra8 30.Be3 {#r} 1-0

[Event "It (open)"]
[Site "Baden-Baden (Germany)"]
[Round "6"]
[White "Schneider Bernhard (GER)"]
[Black "Kanonenberg Wilhelm"]
[Result "1-0"]
[WhiteElo "2231"]
[BlackElo "2200"]

1.c4 e5 2.Nc3 Nc6 3.g3 g6 4.Bg2 Bg7 5.d3 d6 6.Rb1 a5 7.a3 Be6 8.b4 axb4 9.axb4
Qc8 10.Nd5 Nce7 11.e3 h5 12.h4 Bxd5 13.cxd5 Nf6 14.Qb3 Qd7 15.b5 O-O 16.Ne2 c5
17.O-O b6 18.Bd2 Ra7 19.Ra1 Rfa8 20.Rxa7 Qxa7 21.Nc3 Qa3 22.Qc2 Ne8 23.Bh3 Qa7
24.Rb1 Qb7 25.Qb3 Ra7 26.Na4 Kh7 27.e4 Bh6 28.Bxh6 Kxh6 29.Nb2 f5 30.Nc4 Qc7
31.Qb2 Ra4 32.Ra1 Rxa1+ 33.Qxa1 g5 34.exf5 g4 35.Qc1+ Kh7 36.Qg5 gxh3 37.Qxh5+
Kg7 38.Qxe8 Nxd5 39.Qg6+ Kf8 40.Nxd6 {#r} 1-0

[Event "Ch Club Argentino"]
[Site "Buenos Aires (Argentina)"]
[Round "8"]
[White "Letelier Rene (CHI)"]
[Black "Paglilla Carlos (ARG)"]
[Result "0-1"]
[WhiteElo "2151"]
[BlackElo "2326"]

1.c4 e5 2.Nc3 Nc6 3.g3 g6 4.Bg2 Bg7 5.d3 d6 6.e4 f5 7.Nge2 Nf6 8.O-O O-O 9.h3
Be6 10.Be3 fxe4 11.dxe4 Bxc4 12.Qa4 Be6 13.Rac1 Nd7 14.Nd5 Nb6 15.Qc2 Rf7
16.Qd2 Qd7 17.Kh2 Raf8 18.Rc2 Bxd5 19.exd5 Ne7 20.g4 c6 21.dxc6 bxc6 22.Ng3 d5
23.Bc5 e4 24.Bxb6 axb6 25.Nxe4 Qa7 26.Nc3 b5 27.Kg1 Rxf2 28.Rxf2 Rxf2 29.Qxf2
Bd4 30.Nd1 Bxf2+ 31.Rxf2 Qxa2 32.Re2 Qb1 33.Rxe7 Qxd1+ 34.Kh2 Qd2 35.Re6 c5
36.Kh1 Qc1+ {#R} 0-1

[Event "Cup Baltic (corr.)"]
[Site "corr."]
[Round "0"]
[White "Kullamaa Igor"]
[Black "Kujawski Ryszard (POL)"]
[Result "0-1"]
[WhiteElo "2255"]
[BlackElo "2147"]

1.c4 g6 2.Nc3 Bg7 3.g3 d6 4.Bg2 e5 5.d3 Nc6 6.e3 Nge7 7.Nge2 O-O 8.O-O Bd7
9.h3 Rb8 10.b3 a6 11.a4 g5 12.Rb1 Ng6 13.b4 f5 14.Nd5 Nce7 15.b5 axb5 16.cxb5
Nxd5 17.Bxd5+ Kh8 18.f4 gxf4 19.exf4 c6 20.Bg2 cxb5 21.axb5 Qb6+ 22.Kh2 Be6
23.Bb2 Rbc8 24.d4 Ba2 25.Rc1 Qxb5 26.Qd2 Bc4 27.Rfe1 Bxe2 28.Rxc8 Rxc8 29.Qxe2
Qxe2 30.Rxe2 e4 31.Kg1 d5 32.Kf2 Rc4 33.Ke3 Ne7 {#R} 0-1

[Event "Bundesliga 1986/87"]
[Site "Germany"]
[Round "0"]
[White "Schneider Bernhard (GER)"]
[Black "Sommerfeld Armin (GER)"]
[Result "1-0"]
[WhiteElo "2231"]
[BlackElo "2224"]

1.c4 g6 2.Nc3 Bg7 3.g3 e5 4.Bg2 Nc6 5.d3 d6 6.Rb1 f5 7.b4 Nf6 8.b5 Ne7 9.e3
O-O 10.Nge2 g5 11.f4 h6 12.O-O Ng6 13.Nd5 Kh8 14.Nxf6 Bxf6 15.Bb2 Qd7 16.d4
Qg7 17.Qd2 a6 18.b6 cxb6 19.Ba3 gxf4 20.exf4 exf4 21.Bxd6 Rd8 22.Rxb6 fxg3
23.hxg3 f4 24.c5 Ra7 25.Kh1 Bg4 26.Nxf4 Nxf4 27.Qxf4 Bxd4 28.Bc7 Rd7 29.Be4
Bxc5 30.Be5 {#r} 1-0